Report of the Executive Committee 1986-87 and (Record no. 1962)

MARC details
000 -LEADER
fixed length control field 00347nam a22001217a 4500
008 - FIXED-LENGTH DATA ELEMENTS--GENERAL INFORMATION
fixed length control field 230621b xxu||||| |||| 00| 0 eng d
082 ## - DEWEY DECIMAL CLASSIFICATION NUMBER
Classification number 328.3
Item number CPA
100 ## - MAIN ENTRY--PERSONAL NAME
Titles and words associated with a name CPA
245 ## - TITLE STATEMENT
Title Report of the Executive Committee 1986-87 and
Remainder of title Report of Proceedings of the General Assembly
260 ## - PUBLICATION, DISTRIBUTION, ETC. (IMPRINT)
Place of publication, distribution, etc. Kuala Lumpur
Name of publisher, distributor, etc. CPA
Date of publication, distribution, etc. 1987
300 ## - PHYSICAL DESCRIPTION
Extent 98p
942 ## - ADDED ENTRY ELEMENTS (KOHA)
Source of classification or shelving scheme Dewey Decimal Classification
Koha item type Books
Holdings
Withdrawn status Lost status Source of classification or shelving scheme Damaged status Not for loan Home library Current library Date acquired Total Checkouts Full call number Barcode Date last seen Price effective from Koha item type Checked out
    Dewey Decimal Classification     County Hall Archives County Hall Archives 06/21/2023   328.3 CPA 10008905 06/21/2023 06/21/2023 Books  
    Dewey Decimal Classification     County Hall Archives County Hall Archives 06/21/2023   328.3 CPA 10008909 06/21/2023 06/21/2023 Books 12/17/2018
    Dewey Decimal Classification     County Hall Archives County Hall Archives 06/21/2023   328.3 CPA 10008908 06/21/2023 06/21/2023 Books  
    Dewey Decimal Classification     County Hall Archives County Hall Archives 06/21/2023   328.3 CPA 10008906 06/21/2023 06/21/2023 Books  
LIBRARY OPENING HOURS

When the Parliament is sitting: 8.00a.m - 7.00p.m or until the house adjourns
Mondays and Fridays and when the House is on Recess:  8.00a.m - 5.00p.m
Closed on Weekends and Public Holidays

Online Public Access Catalog (OPAC)
Website: http://www.parliament.go.ke
Bunge Library: https://libraryir.parliament.go.ke
Contact: library@parliament.go.ke | Tel no: (254-2)2221291 or 2848000 Ext 5043